01405nam a22002177a 4500008004100000020001800041040000800059041001300067110003500080245008300115260006600198300002400264505007400288520062100362650002900983650003801012650005301050655001801103655002701121655003901148250528b |||||||| |||| 00| 0 eng d a9798227209290 ctbs afreaeng aPomme Bilingual (Firm)eauthor aThe little fox and other bilingual French-English stories c/ Pomme Bilingual. aPlace of publication not identifiedbPomme Bilingual, c2024. a62 pages ; c20 cm. aBilungual texts : French language stories with English translations.  aUnlock the beauty of bilingual storytelling with The Little Fox And Other Bilingual French-English Stories . Each tale invites you to explore enchanting worlds, rich with culture and emotion, while seamlessly improving your French language skills. Perfect for adult learners, this collection offers an engaging way to practice reading in French while having the comfort of English translations. Whether you're a beginner or an advanced learner, The Little Fox And Other Bilingual French-English Stories is your perfect companion to enhance your French reading skills while enjoying delightful and meaningful stories. 0aFrench languagexReaders 0aFrench languagevSelf-instruction 0aShort stories, FrenchxTranslations into English 0aShort stories 0aReaders (Publications) 0aHigh interest-low vocabulary books